Luban workshop : (Record no. 31849)

000 -LEADER
fixed length control field 00591nam a22001577a 4500
008 - FIXED-LENGTH DATA ELEMENTS--GENERAL INFORMATION
fixed length control field 230914b |||||||| |||| 00| 0 eng d
020 ## - INTERNATIONAL STANDARD BOOK NUMBER
International Standard Book Number 9787113291280
050 ## - LIBRARY OF CONGRESS CALL NUMBER
Classification number HD 30.23
Item number .J56 2022
100 ## - MAIN ENTRY--PERSONAL NAME
Personal name JingQuan, Lv
245 ## - TITLE STATEMENT
Title Luban workshop :
Remainder of title Brand capacity layout goals/
Statement of responsibility, etc. Lv JingQuan,Zhang Lei, Zhai Fengjie
260 ## - PUBLICATION, DISTRIBUTION, ETC. (IMPRINT)
Place of publication, distribution, etc. China :
Name of publisher, distributor, etc. China Railway Press,
Date of publication, distribution, etc. (June 1, 2022).
300 ## - PHYSICAL DESCRIPTION
Extent 189 p. ;
490 ## - SERIES STATEMENT
Series statement Book series for luban workshop international development research
650 ## - SUBJECT ADDED ENTRY--TOPICAL TERM
Topical term or geographic name as entry element Project construction
General subdivision Modeling
942 ## - ADDED ENTRY ELEMENTS (KOHA)
Source of classification or shelving scheme
Koha item type Hard Covered Materials
Classification part HD 30.23 .J56 2022
Holdings
Withdrawn status Lost status Source of classification or shelving scheme Damaged status Not for loan Home library Current library Shelving location Date acquired Source of acquisition Cost, normal purchase price Full call number Barcode Date last seen Price effective from Koha item type Total Checkouts
          MACHAKOS UNIVERSITY LIBRARY MACHAKOS UNIVERSITY LIBRARY Open shelf 14/09/2023 Donation-DVC RIL 14052.00 HD 30.23 .J56 2022 39659 14/09/2023 14/09/2023 Hard Covered Materials  
          MACHAKOS UNIVERSITY LIBRARY MACHAKOS UNIVERSITY LIBRARY Open shelf 14/09/2023 Donation-DVC RIL 14052.00 HD 30.23 .J56 2022 39660 14/09/2023 14/09/2023 Hard Covered Materials  
          MACHAKOS UNIVERSITY LIBRARY MACHAKOS UNIVERSITY LIBRARY Open shelf 31/01/2024 Donation-VC. Joyce Agalo 14052.00 HD 30.23 .J56 2022 39766 13/02/2024 13/02/2024 Hard Covered Materials  
          MACHAKOS UNIVERSITY LIBRARY MACHAKOS UNIVERSITY LIBRARY Open shelf 03/04/2025 Donation- Luban 14052.00 HD 30.23 .J56 2022 40109 07/04/2025 03/04/2025 Hard Covered Materials  
          MACHAKOS UNIVERSITY LIBRARY MACHAKOS UNIVERSITY LIBRARY Open shelf 03/04/2025 Donation- Luban 14052.00 HD 30.23 .J56 2022 40110 03/04/2025 03/04/2025 Hard Covered Materials  
          MACHAKOS UNIVERSITY LIBRARY MACHAKOS UNIVERSITY LIBRARY Open shelf 03/04/2025 Donation- Luban 14052.00 HD 30.23 .J56 2022 40111 03/04/2025 03/04/2025 Hard Covered Materials  
© Machakos University Library, Along The Highway, Machakos Wote Rd, Machakos, Kenya P.O. Box 136 - 90100 Machakos - Kenya

Tel: ( +254 ) 723 805829 OR Fax : 044-20353 OR Email: library@mksu.ac.ke